Missing Word: Three Word Book Titles Quiz Stats

Quiz Updated Jul 26, 2016

Challenge
Share
Tweet
Embed
Score 0/24 Timer 04:00
0 Plays Today
Book Answer % Correct
Brave _____ WorldNew
98.2%
War and _____Peace
97.9%
Pride and _____Prejudice
97.5%
Uncle Tom's _____Cabin
96.3%
The _____ IdentityBourne
94.8%
_____ the Looking-GlassThrough
94.3%
_____ of EdenEast
91.6%
In Cold _____Blood
91.4%
Fantastic _____ FoxMr.
91.2%
Lady Chatterley's _____Lover
87.2%
Things _____ ApartFall
86.1%
_____ the DomeUnder
82.4%
Book Answer % Correct
_____ to ExhaleWaiting
81.2%
_____ the RoadOn
80.4%
_____ to TerabithiaBridge
77.2%
She's _____ UndoneCome
76.3%
_____ of DarknessHeart
72.5%
My Sister's _____Keeper
72%
_____ for AlgernonFlowers
68.9%
_____ Wobegon DaysLake
63.1%
Wide Sargasso _____Sea
62.6%
_____ is IlluminatedEverything
33%
Walk ____ MoonsTwo
29.1%
_____ in AugustLight
22.9%

Today's Daily Dose

Missing Word
1971 Movies A-Z

Word Ladder
Complete Tour

Quick Pick
Logo Colors

On This Day
January 19th

You're not logged in!

Compare scores with friends on all Sporcle quizzes.
Sign Up with Email
OR
Log In

You Might Also Like...

Show Comments

Extras

Top Quizzes Today


Score Distribution

Your Account Isn't Verified!

In order to create a playlist on Sporcle, you need to verify the email address you used during registration. Go to your Sporcle Settings to finish the process.